Economics

Uložené v:
Podrobná bibliografia
Hlavný autor: Samuelson, Paul A.
Médium: Kniha
Jazyk:English
Vydavateľské údaje: Tokyo MacGraw-Hill 1980
Vydanie:11. ed.
Tagy: Pridať tag
Žiadne tagy, Buďte prvý, kto otaguje tento záznam!

MARC

LEADER 00000nam a2200000 4500
001 c035478
005 20221220101632.3
041 0 |a eng 
044 |a JP 
245 1 0 |a Economics  |c Paul A. Samuelson 
250 |a 11. ed. 
264 1 |a Tokyo  |b MacGraw-Hill  |c 1980 
300 |a 861 s. 
100 1 |a Samuelson, Paul A.